The Albania Quiz Stats

 Plays Quiz Updated Jul 25, 2017

Also try: The Latvia Quiz
Challenge
Share
Tweet
Embed
Score 0/36 Timer 04:00
1 Play Today
Hint Answer % Correct
Flag ColorRed
96.6%
Internet TLD.al
94.7%
Flag ColorBlack
94.4%
LanguageAlbanian
89.6%
DemonymAlbanian
89.6%
Bordering CountryGreece
87.3%
ContinentEurope
86.5%
Bordering CountryMacedonia
84.5%
Bordering CountryKosovo
82.8%
Capital CityTirana
82.2%
Largest CityTirana
82.2%
Bordering CountryMontenegro
80.9%
Drives on the...Right
80.5%
Government TypeParliamentary Republic
74.9%
Age of Suffrage18
71.8%
Official NameRepublic of Albania
68.2%
Lowest Point (0 m)Adriatic Sea
66.4%
Main ReligionIslam
66.1%
Hint Answer % Correct
Bordering SeasAdriatic Sea
65.9%
Former Empire Ottoman
62.7%
CurrencyLek
36.8%
Year of Independence1912
34.7%
Bordering SeasIonian Sea
33.7%
National BirdEagle
32.2%
Administrative Counties12
28.7%
Prime MinisterEdi Rama
20.7%
President Ilir Meta
14.9%
Smallest CountyDurrës
13.7%
Calling Code+355
10.4%
Largest CountyKorçë
8.5%
National TreeOlive
8.3%
National AnthemHymn to the Flag
8.2%
Longest RiverDrin
8.1%
Highest Point (2,751 m)Golem Korab
7.8%
National FlowerRed Poppy
6.3%
Official MottoTi, Shqipëri, më jep nder, më jep emrin Shqiptar/You, Albania, give me honor, give me the name Albanian.
4.5%

You're not logged in!

Compare scores with friends on all Sporcle quizzes.
OR
Log In

You Might Also Like...

Show Comments

Extras

Top Quizzes Today


Score Distribution

Your Account Isn't Verified!

In order to create a playlist on Sporcle, you need to verify the email address you used during registration. Go to your Sporcle Settings to finish the process.

Report this User

Report this user for behavior that violates our Community Guidelines.

Details: